| 000 | nam a22 a 4500 | ||
|---|---|---|---|
| 999 |
_c868 _d868 |
||
| 005 | 20170505153018.0 | ||
| 008 | 170505b2005 si ||||| |||| 00| 0 may d | ||
| 020 |
_a9971772787 (jilid 1) _a9971772795 (jilid 2) _a9971772809 (jilid 3) _a9971772817 (jilid 4) _a9971772825 (jilid 5) _a9971772833 (jilid 6) _a9971772841 (jilid 7) _a997177285X (jilid 8) _a9971772868 (jilid 9) _a9971772876 (jilid 10) |
||
| 040 | _aAKMAL | ||
| 082 | _a297.1226 HAM | ||
| 090 |
_a297.1226 _bHAM |
||
| 100 |
_aProf. Dr. Hamka _91857 |
||
| 245 |
_aTafsir Al-Azhar _cProf. Dr. Hamka |
||
| 260 |
_c2005 (jilid 1) _c2003 (jilid 2, 3, 4, 5, 6, 7, 8, 9, 10) |
||
| 300 | _ccm | ||
| 942 |
_2ddc _cBOOK |
||